000
00218nam a22000857a 4500
008
160915b xxu||||| |||| 00| 0 eng d
100
_9
520
_a
Guptu.N
245
_a
Mathematics Lab-7
260
_a
New Delhi
_b
AI Publications
_c
2008
999
_c
3177
_d
3177